Statistics for Every Premier League Goalscorer 23/24 - Gameweek #1

Click here to take the quiz!

General Stats

  • This quiz has been taken 26 times
  • The average score is 18 of 28

Answer Stats

ClubvClubGoalscorer% Correct
BurnleyvManchester CityErling Haaland
100%
BurnleyvManchester CityErling Haaland
100%
ArsenalvNottingham ForestBukayo Saka
95%
Newcastle UnitedvAston VillaAlexander Isak
76%
Newcastle UnitedvAston VillaAlexander Isak
76%
BrentfordvTottenhamBryan Mbuemo
76%
BournemouthvWest HamJarrod Bowen
76%
ChelseavLiverpoolLuis Diaz
76%
BurnleyvManchester CityRodri
76%
Newcastle UnitedvAston VillaCallum Wilson
71%
ArsenalvNottingham ForestEddie Nketiah
71%
Newcastle UnitedvAston VillaMoussa Diaby
71%
Brighton & Hove AlbionvLuton TownCarlton Morris
67%
BournemouthvWest HamDominic Solanke
67%
Newcastle UnitedvAston VillaSandro Tonali
67%
ChelseavLiverpoolAxel Disasi
62%
ArsenalvNottingham ForestTaiwo Awoniyi
62%
BrentfordvTottenhamCristian Romero
57%
Manchester UnitedvWolvesRaphael Varane
57%
Brighton & Hove AlbionvLuton TownSolly March
57%
BrentfordvTottenhamYoane Wissa
57%
Newcastle UnitedvAston VillaHarvey Barnes
52%
Brighton & Hove AlbionvLuton TownJoao Pedro
52%
Brighton & Hove AlbionvLuton TownSimon Adingra
52%
BrentfordvTottenhamEmerson Royal
48%
Brighton & Hove AlbionvLuton TownEvan Ferguson
43%
Sheffield UnitedvCrystal PalaceOdsonne Edouard
43%
EvertonvFulhamBobby Decordova-Reid
38%

Score Distribution

Percentile by Number Answered

Percent of People with Each Score

Your Score History

You have not taken this quiz